000 00299nam a22001217a 4500
999 _c13926
_d13926
020 _a9788187721628
020 _a9788184722697
082 _a621.815
_bJAL/DE
100 _aJalaludeen, Md. S
_93087
245 _aDesign data handbook
260 _aKumbakonam
_bAnuradha Publications
_c2012
942 _cBK